Controle non destructif des métaux
Guardat en:
| Autors principals: | , , |
|---|---|
| Format: | Llibre |
| Idioma: | francès |
| Publicat: |
París
Dunod
1969
|
| Matèries: | |
| Etiquetes: |
Afegir etiqueta
Sense etiquetes, Sigues el primer a etiquetar aquest registre!
|
MARC
| LEADER | 00000nam a2200000 a 4500 | ||
|---|---|---|---|
| 001 | UCP2787 | ||
| 003 | CL-VaPUC | ||
| 008 | 990531e19690000FR |||||||||||||||||fre|d | ||
| 082 | 0 | 4 | |a 669.028 |b HOR |2 21 |
| 100 | 0 | |a Hornung, R |e author |9 429746 | |
| 700 | 0 | |a Rivière, M |e author |9 429747 | |
| 700 | 0 | |a Zabalo, J. C. de |e author |9 429748 | |
| 245 | 1 | 0 | |a Controle non destructif des métaux |
| 300 | |a 313 p | ||
| 942 | |c BK | ||
| 945 | |d 19990531 00:00:00 |a cmena | ||
| 260 | |a París |b Dunod |c 1969 | ||
| 500 | |a Actes des Colloques de Bâle, 1965, et de Bilbao 1966 | ||
| 650 | 0 | |a Metalurgia |9 263720 | |
| 650 | 0 | |a Industria metalúrgica |9 364008 | |
| 650 | 7 | |a ENSAYOS NO DESTRUCTIVOS |2 CL-VaPUC |9 429749 | |
| 650 | 0 | |a Resistencia de materiales |9 260095 | |
| 583 | |a last modification |c 19990531 00:00:00 |k Rodrigo Vera | ||
| 999 | |c 281259 |d 281257 | ||